[Event "BRA-ch U14 Girls"]
[Site "Florianopolis"]
[Date "2018.04.30"]
[Round "4"]
[White "Durante, Tauany Seidel"]
[Black "Rubetoso, Carolyne"]
[Result "0-1"]
[WhiteElo "1800"]
[BlackElo "1775"]
[PlyCount "70"]
[EventDate "2018.04.28"]
[EventType "swiss"]
[EventRounds "6"]
[EventCountry "BRA"]
[SourceTitle "EXT 2021"]
[Source "ChessBase"]
[SourceDate "2020.10.23"]
[SourceVersion "1"]
[SourceVersionDate "2020.10.23"]
[SourceQuality "1"]

1. e4 e5 2. Nf3 Nc6 3. Bc4 Nf6 4. d3 Bb4+ 5. c3 Bc5 6. 0-0 d5 7. exd5 Nxd5 8. b4 Be7 9. a4 a6 10. Be3 Nxe3 11. fxe3 Be6 12. Nbd2 0-0 13. Ba2 Qxd3 14. Nb3 Qxe3+ 15. Rf2 Qxc3 16. Rc1 Qxb4 17. Qc2 Rad8 18. Bb1 g6 19. Nbd2 Bd7 20. Qc4 Qd6 21. Qc5 Qe6 22. Qc4 Qf6 23. Ne4 Qe6 24. Nfg5 Qxc4 25. Rxc4 b5 26. axb5 axb5 27. Rcc2 b4 28. Ra2 h6 29. Nf3 Bg4 30. h3 Bf5 31. Ned2 Be6 32. Be4 Nd4 33. Nxe5 Bc5 34. Rf1 Ne2+ 35. Kh1 Ng3+ 0-1